| 000 | 01086nam a2200241Ia 4500 | ||
|---|---|---|---|
| 001 | 262.15-PRO di (1489) | ||
| 003 | IT-MiSPE | ||
| 008 | 171229s9999||||xx |||||||||||||| ||und|| | ||
| 040 |
_aIT-MiSPE _cIT-MiSPE |
||
| 041 | _aITALIANO | ||
| 100 | _aEnrico Chiavacci | ||
| 245 | 0 |
_aProspettive del diaconato nel piccolo gruppo _bL'ipotesi di una nuova figura di sacerdote |
|
| 250 | _a1a ed. (v) | ||
| 260 |
_aAssisi _bCittadella _c(st.) 1971 |
||
| 300 |
_a116 p. _c19 cm |
||
| 501 | _aEdizioni San Paolo srl - Piazza Soncino, 5 - 20092 CINISELLO BALSAMO (MI) (non commercial uses only) ® Copyright 2018 | ||
| 520 | _aAltri autori: Graziella Persico | ||
| 700 | _aGraziella Di Franco | ||
| 700 | _aRomolo Menighetti | ||
| 942 | _cBK | ||
| 957 | _71 | ||
| 999 |
_a12788 _bNO _g Copie: 1 _c344217 _d344217 |
||